| 000 | 00324 a2200121 4500 | ||
|---|---|---|---|
| 001 | 62559 | ||
| 082 | _a629.1341AND | ||
| 100 | _aAnderson John D | ||
| 245 |
_aAircraft performance and design _cJohn D. Anderson |
||
| 260 |
_aNew york _bMcGRaw _c1999 |
||
| 300 |
_axvi, 595 p. _bphotocopy |
||
| 500 | _aBE textbook Aerospace | ||
| 942 |
_aNUST-CAE _k629.1341AND |
||
| 999 |
_c297632 _d297632 |
||